Ein Beitrag zur Identifikation von dynamischen Strukturmodellen mit Methoden der adaptiven Kalman-Filterung : Dissertationen
Enregistré dans:
| Auteur principal: | |
|---|---|
| Format: | Manuscrit Livre |
| Langue: | allemand |
| Publié: |
München :
Verlag der Bayerischen Akademie der Wissenschaften,
2005
|
| Tags: |
Pas de tags, Soyez le premier à ajouter un tag!
|
MARC
| LEADER | 00000ntm a22000003a 4500 | ||
|---|---|---|---|
| 001 | stu115788 | ||
| 005 | 20150617225846.9 | ||
| 008 | 060404s2005----gw------------------ger-d | ||
| 020 | |a 3-7696-5024-7 | ||
| 040 | |a STU |b slo | ||
| 041 | 0 | |a ger | |
| 044 | |a gw | ||
| 100 | 1 | |a Eichhorn, Andreas |4 aut | |
| 245 | 1 | |a Ein Beitrag zur Identifikation von dynamischen Strukturmodellen mit Methoden der adaptiven Kalman-Filterung : |b Dissertationen | |
| 260 | |a München : |b Verlag der Bayerischen Akademie der Wissenschaften, |c 2005 | ||
| 300 | |a 124 s.;obr.,tab.,schémy | ||
| 996 | |b 284V017546 |c V*2346/DP-709 |l VVS |s P |a 0 |w stu115788_0001 | ||